[Event "Baltic Sea Cup 2008"]
[Site "Ronne"]
[Date "2008.08.05"]
[Round "9"]
[White "Rothwell, Jonathan"]
[Black "Kraft, Rene"]
[Result "0-1"]
[WhiteElo "1700"]
[BlackElo "1663"]
[PlyCount "72"]
[EventDate "2008.07.29"]


1. c4 e5 2. Nc3 b6 3. e4 Bb7 4. d3 Nf6 5. g3 Bc5 6. Bg2 Nc6 7. Bg5 Nd4 8. Nge2
h6 9. Be3 O-O 10. O-O Ng4 11. Qd2 Nxe3 12. fxe3 Qg5 13. Nd1 a5 14. Kh1 Rae8 15.
Ng1 f5 16. Nf3 Nxf3 17. Rxf3 fxe4 18. Rxf8+ Rxf8 19. dxe4 d6 20. Rb1 Qg6 21.
Qd3 c6 22. Nc3 Qg5 23. Re1 Rf2 24. b3 Qf6 25. Kg1 Rb2 26. Rf1 Qg5 27. Rf3 Bc8
28. h3 h5 29. Na4 Rxa2 30. Nxc5 Ra1+ 31. Kh2 dxc5 32. Qd6 h4 33. g4 Kh7 34.
Qxc6 Bxg4 35. hxg4 Qxg4 36. Rf1 Qg3+ 0-1

[Event "Baltic Sea Cup 2008"]
[Site "Ronne"]
[Date "2008.08.05"]
[Round "9"]
[White "Thjomoe, Hans Richard"]
[Black "Hansen, Martin"]
[Result "1-0"]
[WhiteElo "1735"]
[BlackElo "2128"]
[PlyCount "121"]
[EventDate "2008.07.29"]


1. e4 e5 2. Nf3 Nc6 3. Bc4 Nf6 4. d3 Be7 5. Nc3 O-O 6. Bg5 d6 7. Ne2 Na5 8. Bb3
Nxb3 9. axb3 Re8 10. h3 c6 11. Bd2 Qc7 12. g4 d5 13. Ng3 dxe4 14. dxe4 Bc5 15.
Qe2 Qb6 16. Bc3 Bb4 17. O-O-O Bxc3 18. bxc3 Qc7 19. g5 Nd7 20. Nf5 Nf8 21. h4
a5 22. h5 Bxf5 23. exf5 e4 24. Nd4 Qf4+ 25. Qe3 Qxe3+ 26. fxe3 Re5 27. Rhf1 Rd8
28. Rd2 Rc8 29. Ne2 a4 30. Kb2 Ra8 31. b4 c5 32. Ka3 cxb4+ 33. cxb4 b5 34. Ng3
Rc8 35. Kb2 Re7 36. f6 Rd7 37. Nxe4 Rxd2 38. Nxd2 Ne6 39. Rf5 Rd8 40. Ne4 Nc7
41. fxg7 Kxg7 42. Nf6 Rb8 43. Nd7 Rb7 44. Ne5 Nd5 45. h6+ Kg8 46. Ng4 Nxb4 47.
Re5 f6 48. Nxf6+ Kf7 49. Nxh7 Nxc2 50. Kxc2 b4 51. Nf6 b3+ 52. Kb1 a3 53. Ra5
a2+ 54. Kb2 Kg6 55. h7 Rb8 56. e4 Rf8 57. Kxb3 Kg7 58. Kxa2 Kh8 59. e5 Rb8 60.
e6 Rc8 61. e7 1-0

[Event "Baltic Sea Cup 2008"]
[Site "Ronne"]
[Date "2008.08.05"]
[Round "9"]
[White "Urkedal, Frode Olav Olsen"]
[Black "Rostgaard, Tobias Valentin"]
[Result "1-0"]
[WhiteElo "2299"]
[BlackElo "2035"]
[PlyCount "49"]
[EventDate "2008.07.29"]


1. d4 Nf6 2. c4 e6 3. Nf3 b6 4. g3 Bb7 5. Bg2 Be7 6. O-O O-O 7. Nc3 d5 8. cxd5
exd5 9. Ne5 Nbd7 10. Qa4 Nxe5 11. dxe5 Ne8 12. Nxd5 Bxd5 13. Rd1 c6 14. e4 b5
15. Qc2 Rc8 16. Be3 Nc7 17. Bxa7 Ne6 18. exd5 cxd5 19. Qb3 d4 20. Bh3 Nc5 21.
Qxb5 Ne6 22. Bxe6 fxe6 23. Rxd4 Qc7 24. Rd7 Qc2 25. Rxe7 1-0

[Event "Baltic Sea Cup 2008"]
[Site "Ronne"]
[Date "2008.08.05"]
[Round "9"]
[White "Valet, Richard"]
[Black "Larsen, Bjorn H"]
[Result "1-0"]
[WhiteElo "2071"]
[BlackElo "1940"]
[PlyCount "57"]
[EventDate "2008.07.29"]


1. e4 c5 2. Nc3 Nc6 3. g3 g6 4. Bg2 Bg7 5. d3 e6 6. Be3 d6 7. f4 Nge7 8. Nf3
O-O 9. O-O b5 10. e5 Nf5 11. Bf2 Rb8 12. exd6 Qxd6 13. Ne4 Qc7 14. Bxc5 Rd8 15.
c3 b4 16. Qe2 Ba6 17. Rfd1 Rd5 18. Bf2 Rbd8 19. Ne1 Qd7 20. g4 bxc3 21. bxc3
Nfd4 22. cxd4 Nxd4 23. Qd2 f5 24. Nc3 fxg4 25. Rab1 Bxd3 26. Bxd5 Qxd5 27. Qxd3
Nf3+ 28. Qxf3 Qxf3 29. Rxd8+ 1-0

[Event "Baltic Sea Cup 2008"]
[Site "Ronne"]
[Date "2008.08.05"]
[Round "9"]
[White "Valle, Lorenzo"]
[Black "Jensen, Jan Kargaard"]
[Result "1-0"]
[WhiteElo "1573"]
[BlackElo "1813"]
[PlyCount "53"]
[EventDate "2008.07.29"]


1. e4 g6 2. d4 d6 3. Be2 Bg7 4. Nc3 Nf6 5. Be3 c6 6. Qd2 Nbd7 7. Rd1 Qc7 8. h3
a6 9. Nf3 O-O 10. O-O b5 11. e5 dxe5 12. dxe5 Nxe5 13. Nxe5 Qxe5 14. Bf3 Bb7
15. Rfe1 b4 16. Na4 Qb5 17. Nc5 Bc8 18. Bd4 e5 19. Rxe5 Nd5 20. Be2 Qb8 21. Re4
Bf5 22. Bxg7 Kxg7 23. Qd4+ Kg8 24. Re5 Nf4 25. Qxf4 f6 26. Rxf5 Qxf4 27. Rxf4
1-0

[Event "Baltic Sea Cup 2008"]
[Site "Ronne"]
[Date "2008.08.05"]
[Round "9"]
[White "Von Wantoch, Markus"]
[Black "Kristensen, Kaare Hove"]
[Result "1/2-1/2"]
[WhiteElo "1907"]
[BlackElo "2259"]
[PlyCount "71"]
[EventDate "2008.07.29"]


1. e4 c5 2. Nc3 d6 3. g3 Nc6 4. Bg2 g6 5. d3 Bg7 6. f4 e6 7. Nf3 Nge7 8. O-O
O-O 9. Be3 b6 10. Bf2 d5 11. exd5 exd5 12. d4 Bf5 13. Ne2 c4 14. Ne5 Rc8 15. h3
Be4 16. c3 Bxg2 17. Kxg2 b5 18. g4 f5 19. Bh4 fxg4 20. hxg4 Bf6 21. Bxf6 Rxf6
22. Qe1 Rc7 23. Qh4 Qf8 24. Rh1 Qg7 25. g5 Rf8 26. Ng4 Nf5 27. Qf2 Re7 28. Ng3
Nxg3 29. Kxg3 Re4 30. Rae1 Ne7 31. Rxe4 dxe4 32. Qe2 Nf5+ 33. Kg2 Nd6 34. Kg3
Nf5+ 35. Kg2 Nd6 36. Kg3 1/2-1/2

[Event "Baltic Sea Cup 2008"]
[Site "Ronne"]
[Date "2008.08.05"]
[Round "9"]
[White "Zachariassen, John"]
[Black "Teschke, Olaf"]
[Result "0-1"]
[WhiteElo "1949"]
[BlackElo "2298"]
[PlyCount "58"]
[EventDate "2008.07.29"]


1. c4 e6 2. g3 d5 3. Bg2 Nf6 4. Nf3 Be7 5. O-O O-O 6. cxd5 exd5 7. d4 c6 8. Nc3
Nbd7 9. Bg5 h6 10. Bd2 Re8 11. Rc1 Ne4 12. Nxe4 dxe4 13. Ne1 Nf6 14. Nc2 Be6
15. Ra1 a5 16. Bc3 Qd7 17. Ne3 b5 18. b3 a4 19. bxa4 Rxa4 20. Qb1 Rea8 21. Bxe4
Nxe4 22. Qxe4 c5 23. Rfd1 Bf6 24. Nc2 Bf5 25. Qf3 Bxc2 26. Rd2 cxd4 27. Rc1 Bg6
28. Bxd4 Bxd4 29. e3 Rd8 0-1

[Event "Baltic Sea Cup 2008"]
[Site "Ronne"]
[Date "2008.08.06"]
[Round "10"]
[White "Adolfssen, Rico"]
[Black "Knof, Henrike"]
[Result "1-0"]
[WhiteElo "1933"]
[BlackElo "1477"]
[PlyCount "47"]
[EventDate "2008.07.29"]


1. e4 e5 2. Nf3 Nc6 3. d4 exd4 4. c3 dxc3 5. Bc4 Nf6 6. O-O Be7 7. Nxc3 O-O 8.
a3 d6 9. Qc2 Ne5 10. Nxe5 dxe5 11. b4 c6 12. Bb2 b5 13. Bd3 Be6 14. Rad1 Qc8
15. f4 exf4 16. Rxf4 Ng4 17. Re1 Bd6 18. e5 Bxe5 19. Bxh7+ Kh8 20. Rxe5 Nxe5
21. Rh4 Qd8 22. Qe4 Qb6+ 23. Kh1 Ng4 24. Bg8+ 1-0

[Event "Baltic Sea Cup 2008"]
[Site "Ronne"]
[Date "2008.08.06"]
[Round "10"]
[White "Andersen, Dag"]
[Black "Jensen, Byrial"]
[Result "1-0"]
[WhiteElo "1944"]
[BlackElo "1656"]
[PlyCount "45"]
[EventDate "2008.07.29"]


1. d4 f5 2. g3 g6 3. Bg2 Nf6 4. Nf3 Bg7 5. O-O O-O 6. c4 c6 7. Nc3 d6 8. Rb1
Na6 9. b4 Rb8 10. b5 cxb5 11. cxb5 Nc7 12. Qb3+ Be6 13. Qa4 a6 14. Ng5 Bd7 15.
Qb3+ e6 16. b6 Ncd5 17. Nxd5 Nxd5 18. Bxd5 exd5 19. Qxd5+ Kh8 20. Nf7+ Rxf7 21.
Qxf7 Bxd4 22. Rd1 Bg7 23. Rxd6 1-0

[Event "Baltic Sea Cup 2008"]
[Site "Ronne"]
[Date "2008.08.06"]
[Round "10"]
[White "Andersen, Daniel"]
[Black "Lilleoren, Morten"]
[Result "0-1"]
[WhiteElo "1969"]
[BlackElo "2105"]
[PlyCount "48"]
[EventDate "2008.07.29"]


1. c4 c5 2. Nf3 Nf6 3. Nc3 g6 4. g3 Bg7 5. Bg2 Nc6 6. d4 cxd4 7. Nxd4 O-O 8.
O-O Nxd4 9. Qxd4 d6 10. Qd3 a6 11. Bd2 Rb8 12. a4 Be6 13. e4 Nd7 14. Rac1 Ne5
15. Qc2 Bxc4 16. Rfd1 Nd3 17. Rb1 Nb4 18. Qc1 Nd3 19. Qc2 Nb4 20. Qc1 Bb3 21.
Nd5 Nxd5 22. exd5 Bxd1 23. Qxd1 b5 24. axb5 Rxb5 0-1

[Event "Baltic Sea Cup 2008"]
[Site "Ronne"]
[Date "2008.08.06"]
[Round "10"]
[White "Andersen, Jonas Odgaard"]
[Black "Rothwell, Jonathan"]
[Result "1-0"]
[WhiteElo "1000"]
[BlackElo "1700"]
[PlyCount "67"]
[EventDate "2008.07.29"]


1. e4 e5 2. Nf3 Nc6 3. d4 exd4 4. Nxd4 Bc5 5. Be3 Ne5 6. Nc3 Nf6 7. Nf5 Bf8 8.
Bd3 g6 9. Ng3 Bg7 10. Bf4 Nxd3+ 11. cxd3 O-O 12. O-O d6 13. Qc1 Re8 14. Re1 Be6
15. Nb5 Re7 16. d4 a6 17. Nc3 Nd7 18. d5 Bg4 19. f3 Bh5 20. Nxh5 gxh5 21. Bg5
Nf6 22. Qf4 Re5 23. Bxf6 Qxf6 24. Qxf6 Bxf6 25. Rac1 Bg5 26. Rc2 Re7 27. Ne2 h4
28. h3 Rc8 29. Nd4 Bf6 30. Nf5 Ree8 31. Rec1 Bg5 32. Rxc7 Bxc1 33. Rxc8 Rxc8
34. Ne7+ 1-0

[Event "Baltic Sea Cup 2008"]
[Site "Ronne"]
[Date "2008.08.06"]
[Round "10"]
[White "Berg, Peter"]
[Black "Valet, Richard"]
[Result "1-0"]
[WhiteElo "1998"]
[BlackElo "2071"]
[PlyCount "41"]
[EventDate "2008.07.29"]


1. d4 Nf6 2. c4 g6 3. Nc3 Bg7 4. e4 d6 5. Nge2 O-O 6. Ng3 e5 7. d5 a5 8. Be2
Na6 9. h4 h5 10. Bg5 Nc5 11. Bxh5 gxh5 12. Nxh5 c6 13. Qf3 Ncd7 14. Rh3 Qb6 15.
Bxf6 Nxf6 16. Nxf6+ Bxf6 17. Rg3+ Bg7 18. Qf6 Qxf2+ 19. Kxf2 Bg4 20. Rxg4 cxd5
21. Qxg7# 1-0

[Event "Baltic Sea Cup 2008"]
[Site "Ronne"]
[Date "2008.08.06"]
[Round "10"]
[White "Brinck Claussen, Bjorn"]
[Black "Frisk, Hans"]
[Result "1/2-1/2"]
[WhiteElo "2296"]
[BlackElo "2011"]
[PlyCount "22"]
[EventDate "2008.07.29"]


1. e4 e5 2. Nf3 Nc6 3. Bb5 Nd4 4. Nxd4 exd4 5. O-O Bc5 6. Bc4 d6 7. d3 c6 8.
Qh5 Qe7 9. Nd2 Nf6 10. Qh4 g5 11. Qxg5 Rg8 1/2-1/2

[Event "Baltic Sea Cup 2008"]
[Site "Ronne"]
[Date "2008.08.06"]
[Round "10"]
[White "Caceres, Cipriano Sande"]
[Black "Rostgaard, Tobias Valentin"]
[Result "0-1"]
[WhiteElo "1792"]
[BlackElo "2035"]
[PlyCount "160"]
[EventDate "2008.07.29"]


1. c4 e5 2. Nc3 Nc6 3. g3 g6 4. Bg2 Bg7 5. e3 d6 6. Nge2 Nf6 7. O-O O-O 8. d4
exd4 9. exd4 Bf5 10. a3 Qd7 11. Nf4 Rfe8 12. Be3 g5 13. Nfd5 h6 14. Nxf6+ Bxf6
15. Nd5 Bg7 16. Qd2 Be4 17. Bxe4 Rxe4 18. f3 Ree8 19. Rad1 f5 20. Bf2 Nd8 21.
b4 Ne6 22. Qa2 Kh8 23. Qc2 c6 24. Nc3 f4 25. g4 d5 26. c5 a6 27. a4 Qf7 28. Kg2
Bf6 29. h3 Qg7 30. Qd3 Re7 31. b5 axb5 32. axb5 Nxc5 33. dxc5 Bxc3 34. Qxc3
Qxc3 35. Bd4+ Qxd4 36. Rxd4 Rae8 37. Rf2 Ra8 38. bxc6 bxc6 39. Rdd2 Ra5 40. Rc2
Re1 41. Rf1 Rxf1 42. Kxf1 Ra1+ 43. Ke2 Rh1 44. Kd3 Rxh3 45. Rf2 Rh1 46. Re2 Rc1
47. Re6 Rxc5 48. Rxh6+ Kg7 49. Rd6 Rc4 50. Rd7+ Kf6 51. Rd6+ Kf7 52. Rd7+ Ke6
53. Rh7 Ra4 54. Rh6+ Kd7 55. Rg6 Ra3+ 56. Kd4 Rxf3 57. Rxg5 Re3 58. Rf5 Re4+
59. Kd3 Ke6 60. Rf8 c5 61. Re8+ Kf6 62. Rg8 Re3+ 63. Kd2 Ke5 64. Rg5+ Kd4 65.
Rf5 Ke4 66. Rg5 Rg3 67. Rg8 f3 68. g5 Rg2+ 69. Ke1 c4 70. g6 c3 71. g7 Kd3 72.
Rf8 Rxg7 73. Rxf3+ Kc4 74. Kd1 Rg2 75. Rf7 d4 76. Rf4 Ra2 77. Kc1 Kb3 78. Kd1
d3 79. Ke1 d2+ 80. Ke2 Ra1 0-1

[Event "Baltic Sea Cup 2008"]
[Site "Ronne"]
[Date "2008.08.06"]
[Round "10"]
[White "Christensen, John"]
[Black "Thjomoe, Hans Richard"]
[Result "1-0"]
[WhiteElo "2116"]
[BlackElo "1735"]
[PlyCount "89"]
[EventDate "2008.07.29"]


1. Nf3 Nf6 2. c4 g6 3. Nc3 Bg7 4. g3 c5 5. Bg2 Nc6 6. d4 cxd4 7. Nxd4 Qb6 8. e3
Nxd4 9. exd4 d6 10. O-O O-O 11. h3 h5 12. Re1 Re8 13. Bg5 Qxb2 14. Nb5 Bf5 15.
Nc7 Kf8 16. Nxa8 Rxa8 17. Qb3 Qxd4 18. Be3 Qe5 19. Bf4 Qc5 20. Qxb7 Re8 21.
Rac1 Bd7 22. Be3 Qf5 23. Bxa7 g5 24. Qb1 Qa5 25. Bd4 e5 26. Bc3 Qa7 27. Bb4 e4
28. Bxd6+ Kg8 29. c5 Bc6 30. Rc2 Qa8 31. Ree2 e3 32. Bxc6 exf2+ 33. Kxf2 Rxe2+
34. Rxe2 Qxc6 35. Qe1 Qd5 36. Kg1 Kh7 37. Kh2 h4 38. g4 Qf3 39. Qf2 Qd3 40.
Qf5+ Qxf5 41. gxf5 g4 42. hxg4 Nxg4+ 43. Kh3 Nh6 44. Rf2 Bc3 45. c6 1-0

[Event "Baltic Sea Cup 2008"]
[Site "Ronne"]
[Date "2008.08.06"]
[Round "10"]
[White "Christensen, Svend Ib"]
[Black "Jensen, Jan Kargaard"]
[Result "1/2-1/2"]
[WhiteElo "1531"]
[BlackElo "1813"]
[PlyCount "84"]
[EventDate "2008.07.29"]


1. d4 Nf6 2. Nf3 e6 3. Bf4 d5 4. Nbd2 Bd6 5. Bg3 c6 6. e3 Qe7 7. c3 Nbd7 8. Bd3
e5 9. dxe5 Nxe5 10. Nxe5 Bxe5 11. Bxe5 Qxe5 12. Be2 Bf5 13. Nf3 Qe7 14. Qd4 O-O
15. O-O Rfe8 16. Rfe1 Ne4 17. Qd1 Rad8 18. Nd2 Nxd2 19. Qxd2 Qg5 20. Rad1 Bg4
21. Bxg4 Qxg4 22. Qd4 Qxd4 23. Rxd4 Re4 24. Red1 Rde8 25. Kf1 f5 26. g3 g5 27.
Kg2 g4 28. h3 h5 29. h4 Kf7 30. Kf1 Kf6 31. R1d3 Rxd4 32. Rxd4 Re4 33. Ke2 Ke5
34. f3 Rxd4 35. exd4+ Ke6 36. Ke3 b6 37. b4 a6 38. Kf4 Kf6 39. fxg4 fxg4 40. a4
a5 41. bxa5 bxa5 42. Ke3 Ke6 1/2-1/2

[Event "Baltic Sea Cup 2008"]
[Site "Ronne"]
[Date "2008.08.06"]
[Round "10"]
[White "Hansen, Mads"]
[Black "Jahncke, Giso"]
[Result "1-0"]
[WhiteElo "2041"]
[BlackElo "2052"]
[PlyCount "58"]
[EventDate "2008.07.29"]


1. e4 c5 2. Nf3 Nc6 3. d4 cxd4 4. Nxd4 Nf6 5. Nc3 e5 6. Ndb5 d6 7. Bg5 a6 8.
Na3 b5 9. Bxf6 gxf6 10. Nd5 Bg7 11. c3 f5 12. Bd3 Ne7 13. Nxe7 Qxe7 14. Nc2 Qg5
15. O-O f4 16. f3 O-O 17. a4 bxa4 18. Rxa4 f5 19. Nb4 Kh8 20. exf5 a5 21. Be4
Rb8 22. Rxa5 Bf6 23. Qxd6 Bb7 24. Qd2 Bxe4 25. fxe4 Bd8 26. Rxe5 Bb6+ 27. Kh1
Be3 28. Qe2 Rf6 29. Nd5 Rd6 1-0

[Event "Baltic Sea Cup 2008"]
[Site "Ronne"]
[Date "2008.08.06"]
[Round "10"]
[White "Hansen, Martin"]
[Black "Mejlvang, Jens Peter"]
[Result "1/2-1/2"]
[WhiteElo "2128"]
[BlackElo "1845"]
[PlyCount "102"]
[EventDate "2008.07.29"]


1. e4 d5 2. exd5 Nf6 3. d4 Bg4 4. Be2 Bxe2 5. Nxe2 Nxd5 6. c4 Nb6 7. O-O e6 8.
b3 Be7 9. Bb2 O-O 10. Nd2 N8d7 11. Qc2 c5 12. Ne4 Qc7 13. Qc3 cxd4 14. Nxd4 Nf6
15. Nb5 Qf4 16. Nxf6+ Bxf6 17. Qc2 Bxb2 18. Qxb2 Rfd8 19. Rad1 a6 20. Nc3 Qg5
21. h3 Qe7 22. Qe2 Rxd1 23. Rxd1 Rd8 24. Rxd8+ Qxd8 25. Qe3 h6 26. Ne4 Nc8 27.
Nc5 Nd6 28. Qe5 Kh7 29. Nxb7 Nxb7 30. Qe4+ f5 31. Qxb7 Qd1+ 32. Kh2 Qd6+ 33. g3
Qd2 34. Qf3 Qxa2 35. Kg2 Kg6 36. Qb7 Qe2 37. Qxa6 Qe4+ 38. Kh2 f4 39. gxf4
Qxf4+ 40. Kh1 Qc1+ 41. Kg2 Qg5+ 42. Kf3 Qf5+ 43. Kg3 Qg5+ 44. Kh2 Qf4+ 45. Kg1
Qc1+ 46. Kg2 Qg5+ 47. Kf1 Qc1+ 48. Ke2 Qc2+ 49. Ke1 Qc1+ 50. Ke2 Qc2+ 51. Ke1
Qc1+ 1/2-1/2

[Event "Baltic Sea Cup 2008"]
[Site "Ronne"]
[Date "2008.08.06"]
[Round "10"]
[White "Hein, Jacob"]
[Black "Hansen, Thomas"]
[Result "0-1"]
[WhiteElo "1603"]
[BlackElo "1364"]
[PlyCount "70"]
[EventDate "2008.07.29"]


1. d4 d5 2. c4 c6 3. cxd5 cxd5 4. g3 Nf6 5. Nc3 Bf5 6. Bg2 e6 7. a3 Nbd7 8. Bf4
Rc8 9. Nb5 Qa5+ 10. Nc3 Be7 11. Bd2 Qa6 12. Nf3 h6 13. O-O O-O 14. Re1 Rfd8 15.
Bf1 Ne4 16. e3 Nxc3 17. Bxc3 Qb6 18. Qd2 Qb3 19. Be2 Qc2 20. Rec1 Qxd2 21. Nxd2
Nb8 22. Kg2 Nc6 23. b4 a6 24. Nb3 b5 25. Nc5 Bxc5 26. bxc5 f6 27. Ra2 Rb8 28.
Rb2 Kf7 29. h4 Re8 30. Rd1 Re7 31. Rdd2 Reb7 32. Bb4 a5 33. Bc3 b4 34. Ba6 bxc3
35. Bxb7 cxd2 0-1

[Event "Baltic Sea Cup 2008"]
[Site "Ronne"]
[Date "2008.08.06"]
[Round "10"]
[White "Jannik, Morten Emil"]
[Black "Kristiansen, Orla"]
[Result "1/2-1/2"]
[WhiteElo "1534"]
[BlackElo "1940"]
[PlyCount "85"]
[EventDate "2008.07.29"]


1. e4 e6 2. d4 d5 3. e5 c5 4. c3 Qb6 5. Nf3 Bd7 6. Bd3 cxd4 7. cxd4 Bb5 8. O-O
Bxd3 9. Qxd3 Nc6 10. Nc3 Nge7 11. Bf4 Nf5 12. Be3 O-O-O 13. Na4 Qb4 14. b3 Kb8
15. Rfe1 Nxe3 16. fxe3 Be7 17. Nc5 Qa5 18. a3 Rc8 19. b4 Qd8 20. Qb5 Bxc5 21.
bxc5 Qa5 22. Qe2 f6 23. exf6 gxf6 24. Rab1 Rhg8 25. Rb5 Qc3 26. Reb1 Rg7 27.
R5b3 Qa5 28. Qb2 Rcc7 29. Qe2 Ka8 30. e4 Rg4 31. exd5 Nxd4 32. Nxd4 Rxd4 33.
Rb5 Qd2 34. Qh5 Rxd5 35. Qe8+ Rd8 36. Qxe6 Qd4+ 37. Kf1 Qf4+ 38. Kg1 Rcd7 39.
Rf1 Rd1 40. Rb1 Qd4+ 41. Kh1 Rxb1 42. Rxb1 Qd1+ 43. Qe1 1/2-1/2

[Event "Baltic Sea Cup 2008"]
[Site "Ronne"]
[Date "2008.08.06"]
[Round "10"]
[White "Johansen, Johnny Holler"]
[Black "Hansen, Soren Otto"]
[Result "1-0"]
[WhiteElo "2029"]
[BlackElo "1682"]
[PlyCount "82"]
[EventDate "2008.07.29"]


1. d4 Nf6 2. Nf3 g6 3. Bf4 d6 4. e3 Bg7 5. c3 O-O 6. Nbd2 Re8 7. h3 Nbd7 8. Bc4
e5 9. dxe5 dxe5 10. Bh2 h6 11. Qc2 e4 12. Nd4 a6 13. a4 Ne5 14. Bxe5 Rxe5 15.
b4 Bd7 16. a5 Qe7 17. N2b3 Rg5 18. g3 Rh5 19. h4 Bb5 20. Bxb5 axb5 21. Nc5 b6
22. Ncb3 Nd5 23. Nc6 Qe8 24. Nbd4 bxa5 25. Rxa5 Rxa5 26. bxa5 g5 27. a6 Qa8 28.
a7 Bxd4 29. cxd4 gxh4 30. gxh4 b4 31. Rg1+ Kh8 32. Qa4 Nc3 33. Qxb4 Rb5 34.
Qxc3 Rb1+ 35. Ke2 Rxg1 36. d5+ Rg7 37. Qb2 Kh7 38. Qb8 Rg8 39. Qxc7 Rg7 40. Qb8
Rg8 41. Qxa8 Rxa8 1-0

[Event "Baltic Sea Cup 2008"]
[Site "Ronne"]
[Date "2008.08.06"]
[Round "10"]
[White "Khenkin, Igor"]
[Black "Iljushin, Alexei"]
[Result "1/2-1/2"]
[WhiteElo "2655"]
[BlackElo "2546"]
[PlyCount "35"]
[EventDate "2008.07.29"]


1. d4 d5 2. c4 c6 3. Nf3 Nf6 4. Nc3 a6 5. Qb3 dxc4 6. Qxc4 b5 7. Qd3 e6 8. e4
c5 9. dxc5 Qxd3 10. Bxd3 Bxc5 11. e5 Nfd7 12. Be4 Ra7 13. Ke2 f5 14. exf6 Nxf6
15. Bd3 Bb7 16. Be3 Nbd7 17. Nd4 e5 18. Nf5 1/2-1/2

[Event "Baltic Sea Cup 2008"]
[Site "Ronne"]
[Date "2008.08.06"]
[Round "10"]
[White "Kogan, Artur"]
[Black "Medvegy, Nora"]
[Result "1-0"]
[WhiteElo "2569"]
[BlackElo "2353"]
[PlyCount "31"]
[EventDate "2008.07.29"]


1. e4 c5 2. Nf3 e6 3. Nc3 Nc6 4. Bb5 Nd4 5. O-O Nxb5 6. Nxb5 a6 7. Nc3 Qc7 8.
d4 cxd4 9. Qxd4 Ne7 10. Re1 Nc6 11. Nd5 Qd8 12. Qc3 d6 13. Bg5 f6 14. Nxf6+ Kf7
15. Nd5 Qa5 16. b4 1-0

[Event "Baltic Sea Cup 2008"]
[Site "Ronne"]
[Date "2008.08.06"]
[Round "10"]
[White "Koop, Th Boerge"]
[Black "Koop, Soeren"]
[Result "1/2-1/2"]
[WhiteElo "1568"]
[BlackElo "1897"]
[PlyCount "111"]
[EventDate "2008.07.29"]


1. e4 e5 2. Nf3 Nc6 3. Bc4 Nf6 4. Ng5 d5 5. exd5 Na5 6. Bb5+ c6 7. dxc6 bxc6 8.
Qf3 Bb7 9. Ba4 Be7 10. Nc3 O-O 11. d3 c5 12. Qg3 Nh5 13. Qxe5 Bxg2 14. Rg1 Bc6
15. Ne6 fxe6 16. Qxh5 Bxa4 17. Nxa4 Qd4 18. Qg4 Qxf2+ 19. Kd1 Bf6 20. Bh6 Bd4
21. Re1 Qxh2 22. Be3 Bxe3 23. Qxe6+ Kh8 24. Qxe3 c4 25. d4 Nc6 26. c3 h6 27.
Rc1 Rf2 28. Re2 Raf8 29. Rcc2 Rf1+ 30. Re1 Rxe1+ 31. Qxe1 Qf4 32. Re2 Qf3 33.
Kc1 h5 34. Re8 Rxe8 35. Qxe8+ Kh7 36. Nc5 h4 37. Ne6 Qe3+ 38. Kd1 Qg1+ 39. Kd2
Qg2+ 40. Kd1 Qg4+ 41. Kd2 h3 42. Nf8+ Kh6 43. Qxc6+ Kh5 44. Qe8+ Kh4 45. Qe1+
Kh5 46. Ne6 Qg2+ 47. Kc1 g5 48. Qe5 Qg1+ 49. Kd2 h2 50. Ng7+ Kg6 51. Qe6+ Kxg7
52. Qe7+ Kh6 53. Qe6+ Kh5 54. Qh3+ Kg6 55. Qe6+ Kg7 56. Qe7+ 1/2-1/2

[Event "Baltic Sea Cup 2008"]
[Site "Ronne"]
[Date "2008.08.06"]
[Round "10"]
[White "Kraft, Rene"]
[Black "Madsen, Jens Finnerup"]
[Result "1-0"]
[WhiteElo "1663"]
[BlackElo "1162"]
[PlyCount "67"]
[EventDate "2008.07.29"]


1. c4 e5 2. Nc3 Nf6 3. b3 Bc5 4. e3 Nc6 5. Bb2 d6 6. Be2 O-O 7. Nf3 Bf5 8. O-O
Nb4 9. d3 Ng4 10. d4 Nc2 11. dxc5 Nxa1 12. Qxa1 dxc5 13. h3 Nf6 14. Nh4 Bd7 15.
Rd1 Qe7 16. Nf3 Bc6 17. Nd5 Bxd5 18. cxd5 Qd6 19. Bxe5 Qe7 20. d6 cxd6 21. Bxd6
Qe6 22. Bc4 Qc8 23. Bxf8 Qxf8 24. Ne5 b6 25. Bxf7+ Kh8 26. Bc4 Ne4 27. Nf7+ Kg8
28. Ng5+ Kh8 29. Nxe4 Re8 30. Qb1 Re7 31. Ng5 g6 32. Qb2+ Rg7 33. Rd7 h6 34.
Ne6 1-0

[Event "Baltic Sea Cup 2008"]
[Site "Ronne"]
[Date "2008.08.06"]
[Round "10"]
[White "Kristensen, Kaare Hove"]
[Black "Zachariassen, John"]
[Result "1-0"]
[WhiteElo "2259"]
[BlackElo "1949"]
[PlyCount "39"]
[EventDate "2008.07.29"]


1. e4 d6 2. d4 Nd7 3. f4 e5 4. Nf3 Ngf6 5. Nc3 exd4 6. Qxd4 Be7 7. e5 dxe5 8.
fxe5 Bc5 9. Qa4 Qe7 10. Be2 Ng8 11. Bg5 Qe6 12. O-O-O Ne7 13. Bc4 Qg6 14. Rhe1
O-O 15. Rxd7 Bxd7 16. Qxd7 Nc6 17. Bd3 Qh5 18. h4 Nb4 19. Bf5 f6 20. exf6 1-0

[Event "Baltic Sea Cup 2008"]
[Site "Ronne"]
[Date "2008.08.06"]
[Round "10"]
[White "Kristensen, Torben"]
[Black "Holt, Michael"]
[Result "1-0"]
[WhiteElo "1262"]
[BlackElo "1000"]
[PlyCount "47"]
[EventDate "2008.07.29"]


1. d4 f5 2. Nf3 Nc6 3. Bf4 d6 4. Nc3 e6 5. e4 g6 6. Bd3 Bg7 7. Bb5 Bd7 8. Bxc6
Bxc6 9. e5 d5 10. O-O Qd7 11. a4 Bf8 12. Nd2 O-O-O 13. Nb3 b6 14. Qd3 Bb7 15.
a5 Bb4 16. axb6 axb6 17. Nb5 c6 18. Nd6+ Bxd6 19. exd6 h6 20. Ra7 Kb8 21. Rfa1
Qf7 22. Nc5 bxc5 23. Qb3 Rd7 24. Qb6 1-0

[Event "Baltic Sea Cup 2008"]
[Site "Ronne"]
[Date "2008.08.06"]
[Round "10"]
[White "Magnussen, Helge"]
[Black "Andersen, Rune"]
[Result "1/2-1/2"]
[WhiteElo "2012"]
[BlackElo "2143"]
[PlyCount "95"]
[EventDate "2008.07.29"]


1. d4 d5 2. c4 dxc4 3. e3 e5 4. Bxc4 exd4 5. exd4 Bd6 6. Nf3 Nf6 7. O-O O-O 8.
Bg5 Bg4 9. Nbd2 Nc6 10. h3 Bh5 11. Ne4 Be7 12. Ng3 Bxf3 13. Qxf3 Qxd4 14. b3
Ne5 15. Qxb7 Nxc4 16. Nf5 Qd7 17. Nxe7+ Qxe7 18. bxc4 Rfb8 19. Qc6 Qe4 20. Qc5
Rb6 21. Qxc7 Rc6 22. Qb7 Rxc4 23. Rab1 a5 24. Bxf6 Qxb7 25. Rxb7 gxf6 26. Re1
Rc2 27. Ree7 Rf8 28. a3 Rc3 29. Re3 Rxe3 30. fxe3 Re8 31. Rb5 Re5 32. Rxe5 fxe5
33. e4 Kg7 34. Kf2 Kg6 35. g4 h5 36. gxh5+ Kxh5 37. Kg3 f5 38. exf5 Kg5 39. f6
Kxf6 40. Kg4 a4 41. Kf3 Kf5 42. Ke3 e4 43. h4 Kg4 44. Kxe4 Kxh4 45. Kd4 Kg5 46.
Kc5 Kf6 47. Kb4 Ke7 48. Kxa4 1/2-1/2

[Event "Baltic Sea Cup 2008"]
[Site "Ronne"]
[Date "2008.08.06"]
[Round "10"]
[White "Marzano, Carlo"]
[Black "Von Wantoch, Markus"]
[Result "1-0"]
[WhiteElo "2177"]
[BlackElo "1907"]
[PlyCount "29"]
[EventDate "2008.07.29"]


1. Nc3 e5 2. Nf3 Nc6 3. d4 exd4 4. Nxd4 Bc5 5. Be3 Nxd4 6. Bxd4 Bxd4 7. Qxd4
Qf6 8. Qe3+ Qe7 9. Qg3 Nf6 10. Qxc7 O-O 11. O-O-O b6 12. e3 Ne8 13. Nd5 Qe6 14.
Qd8 Nd6 15. Ne7+ 1-0

[Event "Baltic Sea Cup 2008"]
[Site "Ronne"]
[Date "2008.08.06"]
[Round "10"]
[White "Nielsen, Nicholas Roland"]
[Black "Welz, Peter"]
[Result "0-1"]
[WhiteElo "2198"]
[BlackElo "2169"]
[PlyCount "86"]
[EventDate "2008.07.29"]


1. e4 e6 2. d4 d5 3. Nc3 Bb4 4. e5 c5 5. a3 Bxc3+ 6. bxc3 Qc7 7. Qg4 g6 8. Bd2
Bd7 9. Qd1 Ba4 10. Nf3 Nd7 11. Bd3 c4 12. Be2 h6 13. Qc1 O-O-O 14. O-O Kb8 15.
Rb1 Ka8 16. Kh1 g5 17. Ng1 f5 18. exf6 Ngxf6 19. f4 Ne4 20. Bg4 Qd6 21. f5 Rdf8
22. Rb4 Bc6 23. Be3 h5 24. Bf3 exf5 25. Bxg5 Nxc3 26. Bf4 Qg6 27. Qe3 Ne4 28.
Nh3 Re8 29. Qg1 Rhg8 30. a4 h4 31. a5 Ndf6 32. Ra1 Nh5 33. Be5 Nd2 34. a6 b6
35. Bxh5 Qxh5 36. Nf4 Qg5 37. Qe3 Ne4 38. c3 h3 39. Rg1 Qh4 40. Rb2 Rxe5 41.
dxe5 d4 42. cxd4 Ng3+ 43. hxg3 hxg2# 0-1